00762cam a2200181 a 4500003000500000005001700005008004100022010001000063011001000073035001000083040000900093100002800102245015600130500022900286650001300515650002700528700002500555CHAP20220329142146.0000120 1992 us r 00010 eng d a79352 a80324 a90773 cCHAP00aPinstrup-Andersen, Per. 0aPoverty and income distribution aspects of changing food and agricultural policies during adjustmentc/by Per pinstrup-Andersen and Rajul Pandya.-Lorch aSobretiro de: Food and Agricultural Policies under Structural Adjustment ( Proceedings of the 29th. Seminar of the european Association of Agricultural Economists, Hohenheim 1992). ed. by Franz Heidhues and Béatrice Knerr.14aPobreza.14aPolítica agrícola.0 aPandya-Lorch, Rajul.